Níž

Bibliographic Details
Main Author: Kondrót, Vojtech, 1940-2003 (Author)
Format: Article
Language:Slovak
Subjects:

MARC

LEADER 00000nab a2200000uu 4500
001 vtls011517512
003 SK-MaSNL
005 20260303221234.0
008 230704|1971 xo |||||||||||||||||slo|
015 |a SNBRB 
035 |a (urnnbn)urn:nbn:sk:snk:ar-001sn1 
035 |a (uuid)28255416-8379-4df6-b737-eadf9b56949a 
035 |a urn:nbn:sk:snk-abe6or 
040 |a SNKBUCL  |b slo  |c SNKBUCL  |e AACR2 
041 0 |a slo 
044 |a xo  |c SK 
100 1 |a Kondrót, Vojtech,  |d 1940-2003  |4 aut  |9 109792 
245 1 0 |a Níž  |c Vojtech Kondrót 
655 7 |a slovenská poézia  |2 SNKPH  |9 70444 
773 0 |t Slovenské pohľady  |g Roč. 87, č. 6 (1971), s. 30-31 
850 |a Slovenská národná knižnica 
852 |a Slovenská národná knižnica 
954 |a beletria pôvodná (slovenská)  |2 lita 
958 |a OND 
958 |a EUIPO 
958 |a article21 
999 |c 2232012  |d 2233942